[Event "6. OPEN International Ch of Vojvodina 20"]
[Site "Novi Sad"]
[Date "2015.07.26"]
[Round "4.26"]
[White "Matovic, Mihajlo Z"]
[Black "Kumic, Filip"]
[Result "1/2-1/2"]
[WhiteElo "2100"]
[BlackElo "2253"]
[PlyCount "131"]
[EventDate "2015.07.25"]

1. e4 c5 2. Nf3 Nc6 3. Bb5 g6 4. Bxc6 dxc6 5. d3 Bg7 6. Nc3 e5 7. Be3 Qe7 8.
Qd2 Bg4 9. O-O-O Nf6 10. Ne2 b6 11. h3 Bxf3 12. gxf3 O-O-O 13. Bh6 Bxh6 14.
Qxh6 Qe6 15. Kb1 Nh5 16. f4 Qf6 17. Qg5 Qxg5 18. fxg5 h6 19. h4 Kd7 20. Rhf1
hxg5 21. hxg5 Nf4 22. Nxf4 exf4 23. Rh1 Ke6 24. Kc1 Ke5 25. f3 Ke6 26. Rh6 Rxh6
27. gxh6 f5 28. Rg1 fxe4 29. dxe4 Kf6 30. Rd1 Rh8 31. Rd6+ Kg5 32. Rxc6 Rxh6
33. Kd2 Rh3 34. Ke2 Rh2+ 35. Kd3 Rf2 36. e5 Kf5 37. Rf6+ Kxe5 38. Rxg6 Rxf3+
39. Ke2 Rg3 40. Rh6 c4 41. Kf2 c3 42. b3 Kd5 43. Rh7 a5 44. Rf7 Rg4 45. Rc7 Rg3
46. Rf7 Rh3 47. Rxf4 Rh2+ 48. Ke3 Rxc2 49. Kd3 Rxa2 50. Kxc3 Rh2 51. Rg4 Rh3+
52. Kb2 Re3 53. Rh4 b5 54. Rh5+ Re5 55. Rh8 Kc5 56. Rh4 Rd5 57. Kc3 Rg5 58. Rf4
Rg3+ 59. Kb2 Rd3 60. Rf8 Rd4 61. Kc3 b4+ 62. Kc2 Rd6 63. Rf5+ Kb6 64. Rh5 Rg6
65. Rf5 Rg2+ 66. Kb1 1/2-1/2

[Event "6. OPEN International Ch of Vojvodina 20"]
[Site "Novi Sad"]
[Date "2015.07.26"]
[Round "4.27"]
[White "Pezelj, Sinisa"]
[Black "Kozomora, Dragan"]
[Result "0-1"]
[WhiteElo "2253"]
[BlackElo "2094"]
[PlyCount "214"]
[EventDate "2015.07.25"]

1. Nf3 d5 2. g3 Nf6 3. Bg2 c6 4. O-O Bf5 5. b3 e6 6. Bb2 Nbd7 7. d3 h6 8. Re1
Be7 9. Nbd2 O-O 10. c4 a5 11. cxd5 exd5 12. e4 Bg6 13. e5 Ne8 14. d4 Nc7 15.
Nf1 Ne6 16. Ne3 Qb6 17. Re2 Rfe8 18. Ne1 Bh5 19. Bf3 Bg6 20. Bg4 Ndf8 21. f4
Be4 22. f5 Ng5 23. h4 Ngh7 24. Bf3 Bxf3 25. Nxf3 Nd7 26. Ng4 Bf8 27. Qd2 c5 28.
dxc5 Qc6 29. Rd1 Bxc5+ 30. Kg2 Nb6 31. f6 h5 32. Ne3 g6 33. Rc1 Qb5 34. a4 Qb4
35. Nxd5 Qxd2 36. Rxd2 Nxd5 37. Rxd5 b6 38. Rd7 Nxf6 39. Rd3 Ng4 40. Re1 Rad8
41. Rxd8 Rxd8 42. e6 Ne3+ 43. Kh3 fxe6 44. Ne5 Nf5 45. Nxg6 Rd2 46. Bc1 Rd3 47.
Bf4 Bf2 48. Rxe6 Bxg3 49. Ne5 Rxb3 50. Rg6+ Kh7 51. Bxg3 Re3 52. Rg5 Nxg3 53.
Kg2 Ne4 54. Rxh5+ Kg7 55. Rf5 Rg3+ 56. Kh2 Rb3 57. Rf7+ Kh6 58. Rb7 Nc5 59. Rc7
Nxa4 60. Nc4 Rb4 61. Kg3 Nb2 62. Ne5 a4 63. Ng4+ Kg6 64. Rc6+ Kf7 65. h5 Nd3
66. Rc7+ Kf8 67. h6 Rb3 68. Kh4 Nf4 69. Rc8+ Kf7 70. Rc7+ Ke6 71. Kg5 Kd6 72.
Rc1 Ne6+ 73. Kh4 Rf3 74. Rc4 b5 75. Rb4 Kc5 76. Re4 Nf8 77. Ne5 Rf1 78. Nd3+
Kd5 79. Rb4 Kc6 80. Rb2 Rf5 81. Kg4 Rf6 82. Kg5 Nh7+ 83. Kh5 Rd6 84. Ne5+ Kc5
85. Rc2+ Kb4 86. Rc6 Rd5 87. Kg6 Rxe5 88. Kxh7 Rh5 89. Kg7 a3 90. h7 Rxh7+ 91.
Kxh7 a2 92. Ra6 Kb3 93. Kg6 Kb2 94. Rb6 a1=Q 95. Rxb5+ Kc3 96. Rf5 Kd4 97. Kf6
Ke4+ 98. Kg6 Qg1+ 99. Rg5 Qb6+ 100. Kf7 Qc7+ 101. Ke6 Qc6+ 102. Kf7 Kf4 103.
Rh5 Kg4 104. Re5 Qd7+ 105. Kf6 Kf4 106. Rh5 Qd6+ 107. Kf7 Kg4 0-1

[Event "6. OPEN International Ch of Vojvodina 20"]
[Site "Novi Sad"]
[Date "2015.07.26"]
[Round "4.28"]
[White "Parnicki, Zlatko"]
[Black "Marjanusic, Vladimir"]
[Result "1-0"]
[WhiteElo "2071"]
[BlackElo "2250"]
[PlyCount "87"]
[EventDate "2015.07.25"]

1. e4 e5 2. Nf3 Nc6 3. Bb5 a6 4. Ba4 Nf6 5. d3 d6 6. c3 g6 7. h3 Bg7 8. Be3 O-O
9. O-O b5 10. Bc2 Re8 11. Nbd2 d5 12. a4 b4 13. Bc5 Rb8 14. a5 bxc3 15. bxc3 h6
16. Ba4 Bd7 17. Qc2 dxe4 18. dxe4 Nh5 19. g3 Qf6 20. Kg2 Rbd8 21. Rfd1 g5 22.
Ng1 g4 23. h4 Nf4+ 24. Kh2 Ne7 25. Bxe7 Qxe7 26. Bxd7 Rxd7 27. Nf1 Rxd1 28.
Rxd1 Ne6 29. Ne3 h5 30. Nf5 Qa3 31. Rd5 Rb8 32. Kg2 Rb2 33. Qd3 Qa2 34. Qf1
Nf4+ 35. gxf4 exf4 36. Nxg7 g3 37. Nh3 Kxg7 38. Kf3 gxf2 39. Nxf2 Rc2 40. Nd1
Rh2 41. Qg1+ Kf8 42. Qc5+ Ke8 43. Re5+ Kd8 44. Qf8+ 1-0

[Event "6. OPEN International Ch of Vojvodina 20"]
[Site "Novi Sad"]
[Date "2015.07.26"]
[Round "4.29"]
[White "Stojkovska, Monika"]
[Black "Radovanovic, Mihajlo"]
[Result "0-1"]
[WhiteElo "2061"]
[BlackElo "2245"]
[PlyCount "256"]
[EventDate "2015.07.25"]

1. e4 c5 2. Nf3 d6 3. d4 cxd4 4. Nxd4 Nf6 5. Nc3 a6 6. Be3 e5 7. Nb3 Be7 8. f3
Be6 9. Qd2 O-O 10. O-O-O a5 11. Bb5 Na6 12. Kb1 Nc7 13. Bb6 Qb8 14. Bxc7 Qxc7
15. Qf2 Rfc8 16. g4 Qd8 17. Rd3 Ne8 18. Bxe8 Qxe8 19. Nd5 Ra6 20. Rhd1 Bd8 21.
h4 b5 22. Ne3 a4 23. Nc1 Be7 24. Nf5 Bxf5 25. gxf5 b4 26. Ne2 Qc6 27. R1d2 Qb7
28. Qh2 Rac6 29. a3 Rc3 30. axb4 Rxd3 31. Rxd3 Qxb4 32. Nc1 Rb8 33. c3 Qc4 34.
Qd2 Bxh4 35. Rxd6 h6 36. Qd5 Qxc3 37. Nd3 a3 38. Rc6 Rxb2+ 39. Ka1 Qb3 40. Rc8+
Kh7 41. Qxb3 Rxb3 42. Nxe5 Bf6 43. f4 Rb4 44. Ka2 Rxe4 45. Nxf7 g6 46. Nd6 Re2+
47. Kxa3 Be7 48. Rc7 gxf5 49. Kb3 Kg6 50. Nc4 Bf6 51. Rc6 Re7 52. Kc2 h5 53.
Kd3 h4 54. Ne5+ Kg7 55. Nf3 h3 56. Rc1 Kg6 57. Rh1 Re4 58. Rxh3 Rxf4 59. Ke3
Ra4 60. Rg3+ Kf7 61. Rg1 Ke6 62. Ng5+ Ke7 63. Nf3 f4+ 64. Ke2 Ke6 65. Rg8 Ra2+
66. Kd3 Ra3+ 67. Ke4 Ra4+ 68. Kd3 Kf5 69. Rf8 Ra3+ 70. Ke2 Ra2+ 71. Kd3 Kg4 72.
Nd2 Ra3+ 73. Ke2 Re3+ 74. Kd1 Bh4 75. Rg8+ Kh3 76. Rf8 Bg3 77. Rh8+ Kg2 78. Rf8
Kf2 79. Rf7 Re8 80. Rf6 Rd8 81. Kc2 Ke3 82. Re6+ Kf2 83. Rf6 Rg8 84. Rf7 Kg2
85. Kd1 Re8 86. Rf6 Re1+ 87. Kc2 Kf2 88. Rf8 Re7 89. Kd1 Ke3 90. Rf6 Bh4 91.
Rf5 Re8 92. Rb5 Kf2 93. Rf5 Kg3 94. Rf7 Kg4 95. Rg7+ Bg5 96. Rf7 Re5 97. Rg7 f3
98. Nxf3 Kxf3 99. Kc2 Be3 100. Kd3 Rd5+ 101. Kc4 Rd8 102. Rf7+ Bf4 103. Re7 Kg4
104. Rf7 Be5 105. Kc5 Kg5 106. Kc4 Bf6 107. Rb7 Kf5 108. Rb1 Rd4+ 109. Kc5 Be5
110. Rf1+ Ke6 111. Re1 Rd3 112. Rh1 Rc3+ 113. Kb4 Rc8 114. Rd1 Bc3+ 115. Kb3
Ke5 116. Rd7 Ke4 117. Rd6 Bd4 118. Rh6 Kd3 119. Rh3+ Be3 120. Rh4 Rc7 121. Kb4
Rb7+ 122. Ka5 Bd4 123. Ka6 Rb8 124. Rh3+ Kc4 125. Rh5 Rb6+ 126. Ka5 Re6 127.
Rh4 Rg6 128. Rf4 Rg7 0-1

[Event "6. OPEN International Ch of Vojvodina 20"]
[Site "Novi Sad"]
[Date "2015.07.26"]
[Round "4.30"]
[White "Tomin, Ksenija"]
[Black "Tuturin, Sergey"]
[Result "0-1"]
[WhiteElo "2058"]
[BlackElo "2242"]
[PlyCount "80"]
[EventDate "2015.07.25"]

1. e4 e6 2. d4 d5 3. e5 c5 4. c3 Nc6 5. Nf3 Nge7 6. Be3 cxd4 7. cxd4 Nf5 8. Nc3
Be7 9. Qd2 f6 10. Bb5 O-O 11. Bxc6 bxc6 12. O-O c5 13. dxc5 fxe5 14. Bg5 e4 15.
Bxe7 Qxe7 16. Nd4 Qxc5 17. Nb3 Qe7 18. Rfe1 Qf7 19. Ne2 Nh6 20. Ng3 Ng4 21. Nh1
Qg6 22. h3 Ne5 23. Ng3 Nd3 24. Rf1 Ba6 25. Nd4 e5 26. Nde2 Rad8 27. a4 Rf6 28.
Ra3 d4 29. b4 Nxf2 30. Qa2+ Kh8 31. Rxf2 Rxf2 32. Kxf2 e3+ 33. Ke1 d3 34. b5
Bb7 35. Nf1 d2+ 36. Kd1 Qxg2 37. Nxe3 Qh1+ 38. Kc2 d1=Q+ 39. Nxd1 Qxd1+ 40. Kc3
Qe1+ 0-1

[Event "6. OPEN International Ch of Vojvodina 20"]
[Site "Novi Sad"]
[Date "2015.07.26"]
[Round "4.31"]
[White "Sohier, Julien"]
[Black "Ciric, Dragan"]
[Result "0-1"]
[WhiteElo "2239"]
[BlackElo "2125"]
[PlyCount "80"]
[EventDate "2015.07.25"]

1. d4 g6 2. c4 Bg7 3. Nc3 c5 4. d5 Bxc3+ 5. bxc3 f5 6. h4 Nf6 7. Nh3 Qa5 8. Qc2
e6 9. Bh6 Rg8 10. e3 e5 11. Be2 d6 12. Ng5 Bd7 13. Kf1 Na6 14. Rb1 Rb8 15. g3
Nc7 16. Kg2 Ke7 17. Rb2 b5 18. cxb5 Bxb5 19. c4 Ba4 20. Qb1 Rb6 21. Rxb6 axb6
22. Qb2 b5 23. f4 e4 24. Ne6 Nxe6 25. dxe6 Kxe6 26. Bg5 Nd7 27. cxb5 h5 28. Kf2
d5 29. Rb1 Qb4 30. Qc1 Qa5 31. Qa3 Rb8 32. Qb2 Rg8 33. b6 Qa8 34. b7 Qb8 35.
Bb5 Bxb5 36. Qxb5 Qd6 37. Qa5 d4 38. Bd8 dxe3+ 39. Kxe3 Qd3+ 40. Kf2 e3+ 0-1

[Event "6. OPEN International Ch of Vojvodina 20"]
[Site "Novi Sad"]
[Date "2015.07.26"]
[Round "4.32"]
[White "Pavkov, Nebojsa"]
[Black "Vujevic, Tomislav"]
[Result "1-0"]
[WhiteElo "2232"]
[BlackElo "2067"]
[PlyCount "77"]
[EventDate "2015.07.25"]

1. g3 d5 2. Bg2 Nf6 3. f4 c6 4. d3 Qb6 5. e3 Bg4 6. Nf3 Nbd7 7. h3 Bxf3 8. Qxf3
e5 9. a4 a5 10. O-O Bd6 11. Kh1 e4 12. Qe2 Qa6 13. Nc3 Nc5 14. Rd1 exd3 15.
cxd3 O-O 16. Qc2 Qb6 17. e4 Nb3 18. Rb1 Nh5 19. e5 Be7 20. Ne2 Qf2 21. Qxb3
Qxe2 22. Kh2 g5 23. d4 gxf4 24. gxf4 Bh4 25. Qf3 Bg3+ 26. Kg1 Qxf3 27. Bxf3
Nxf4 28. Kh1 Kh8 29. Rg1 Rg8 30. Bg4 h5 31. Rxg3 Ne2 32. Re3 Nxc1 33. Bxh5 Na2
34. Bxf7 Rg5 35. Rf1 Nb4 36. Rf4 Kg7 37. e6 Rh8 38. Kh2 c5 39. e7 1-0

[Event "6. OPEN International Ch of Vojvodina 20"]
[Site "Novi Sad"]
[Date "2015.07.26"]
[Round "4.33"]
[White "Dimitrijevic, Nenad"]
[Black "Dedebas, Emre Emin"]
[Result "1/2-1/2"]
[WhiteElo "2216"]
[BlackElo "2092"]
[PlyCount "32"]
[EventDate "2015.07.25"]

1. Nf3 d5 2. b3 Bg4 3. Bb2 Nd7 4. d4 Bxf3 5. gxf3 Ngf6 6. Bg2 e6 7. e3 c5 8. f4
cxd4 9. Qxd4 Qc7 10. Nc3 Bc5 11. Qd3 Rc8 12. O-O-O Bb4 13. Nb5 Qa5 14. Kb1 a6
15. c3 Be7 16. Nd4 Nc5 1/2-1/2

[Event "6. OPEN International Ch of Vojvodina 20"]
[Site "Novi Sad"]
[Date "2015.07.26"]
[Round "4.34"]
[White "Cvetanovic, Damjan"]
[Black "Popovic, Milan S"]
[Result "0-1"]
[WhiteElo "2033"]
[BlackElo "2211"]
[PlyCount "56"]
[EventDate "2015.07.25"]

1. d4 d6 2. c4 Nf6 3. f3 g6 4. e4 Bg7 5. Ne2 O-O 6. Be3 e5 7. d5 c6 8. Nec3
cxd5 9. cxd5 a6 10. a4 Ne8 11. Nd2 Bh6 12. Qe2 Bxe3 13. Qxe3 f5 14. a5 Nd7 15.
Bd3 Qh4+ 16. g3 Qe7 17. O-O-O Nc5 18. b4 Nxd3+ 19. Qxd3 fxe4 20. Ncxe4 Bd7 21.
Kb2 Nc7 22. Nc4 Nb5 23. Rhf1 Bf5 24. Nb6 Rad8 25. Qe3 Rf7 26. f4 Qf8 27. h4
exf4 28. Rxf4 Qg7+ 0-1

[Event "6. OPEN International Ch of Vojvodina 20"]
[Site "Novi Sad"]
[Date "2015.07.26"]
[Round "4.35"]
[White "Brinovec, David"]
[Black "Zarkovic, Mila"]
[Result "1/2-1/2"]
[WhiteElo "1991"]
[BlackElo "2209"]
[PlyCount "135"]
[EventDate "2015.07.25"]

1. e4 c5 2. c3 Nf6 3. e5 Nd5 4. d4 cxd4 5. Nf3 e6 6. cxd4 d6 7. Bc4 Nc6 8. O-O
Be7 9. Qe2 O-O 10. Nc3 Nxc3 11. bxc3 dxe5 12. dxe5 Qc7 13. Qe4 b6 14. Bg5 Bb7
15. Bd3 g6 16. Qh4 Nxe5 17. Bxe7 Bxf3 18. Bxf8 Rxf8 19. Qg3 Bb7 20. Rfe1 Qxc3
21. Bb5 Qxg3 22. hxg3 Nc6 23. Rac1 Nb4 24. Rc7 Rb8 25. Rec1 Nd5 26. R7c4 a6 27.
Bc6 Kg7 28. Rb1 Bxc6 29. Rxc6 h5 30. a4 a5 31. Rb5 Kf8 32. f4 Ke7 33. Kf2 Kd7
34. Rc4 Kd6 35. Rb2 Rb7 36. Ke2 Ke7 37. Kd3 Kf6 38. Ke4 Rd7 39. Rc6 Rd8 40. Rb3
Rd7 41. Kf3 Kf5 42. Rb5 Kf6 43. g4 hxg4+ 44. Kxg4 Rd8 45. Kf3 Ke7 46. g4 Rh8
47. f5 gxf5 48. gxf5 Rh5 49. fxe6 fxe6 50. Rcxb6 Rf5+ 51. Ke4 Nxb6 52. Rxb6 Kf6
53. Ra6 Re5+ 54. Kd3 Kf5 55. Ra8 Rd5+ 56. Ke3 Ke5 57. Ra6 Rc5 58. Kd3 Kd5 59.
Ra8 Kd6 60. Ra6+ Ke5 61. Ra8 Kf4 62. Re8 Rd5+ 63. Kc4 Re5 64. Ra8 Rf5 65. Ra6
Re5 66. Kd4 Rd5+ 67. Kc4 Ke5 68. Ra8 1/2-1/2

[Event "6. OPEN International Ch of Vojvodina 20"]
[Site "Novi Sad"]
[Date "2015.07.26"]
[Round "4.36"]
[White "Djacanin, Goran"]
[Black "Perovic, Zivojin"]
[Result "1/2-1/2"]
[WhiteElo "2207"]
[BlackElo "2042"]
[PlyCount "48"]
[EventDate "2015.07.25"]

1. e4 c5 2. Nc3 d6 3. f4 Nc6 4. Nf3 g6 5. Bb5 Bd7 6. O-O Bg7 7. d3 e6 8. f5
exf5 9. Nd5 Nd4 10. Bxd7+ Qxd7 11. c3 Nxf3+ 12. Qxf3 Nf6 13. Bh6 Nxd5 14. Bxg7
Rg8 15. Bh6 Ne7 16. Bg5 O-O-O 17. exf5 Rde8 18. Bxe7 Rxe7 19. fxg6 fxg6 20.
Rfe1 Rge8 21. Qg3 Re6 22. h3 Kc7 23. Kh2 Rxe1 24. Rxe1 Rxe1 1/2-1/2

[Event "6. OPEN International Ch of Vojvodina 20"]
[Site "Novi Sad"]
[Date "2015.07.26"]
[Round "4.37"]
[White "Jocev, Milan"]
[Black "Adamov, Ivan"]
[Result "1/2-1/2"]
[WhiteElo "2200"]
[BlackElo "2033"]
[PlyCount "71"]
[EventDate "2015.07.25"]

1. e4 c5 2. Nc3 Nc6 3. f4 d6 4. Nf3 g6 5. Bc4 Bg7 6. O-O e6 7. Bb5 Nge7 8. d3
O-O 9. Qe1 a6 10. Bxc6 Nxc6 11. Nd1 b5 12. Bd2 Bb7 13. Bc3 Nd4 14. Qf2 e5 15.
Nxd4 cxd4 16. Bd2 f5 17. Qe2 fxe4 18. dxe4 Qe7 19. Nf2 exf4 20. Nd3 Qxe4 21.
Qxe4 Bxe4 22. Rxf4 Rxf4 23. Bxf4 Rc8 24. Rc1 d5 25. Bd2 Bf8 26. Bf4 a5 27. Bd2
a4 28. a3 Bd6 29. Ne1 Kf7 30. h3 Bg3 31. Nd3 Ke6 32. Nb4 Bd6 33. Nd3 Bg3 34.
Nb4 Bd6 35. Nd3 Bg3 36. Nb4 1/2-1/2

[Event "6. OPEN International Ch of Vojvodina 20"]
[Site "Novi Sad"]
[Date "2015.07.26"]
[Round "4.38"]
[White "Budisavljevic, Luka"]
[Black "Banovic, Ivan"]
[Result "1/2-1/2"]
[WhiteElo "1937"]
[BlackElo "2199"]
[PlyCount "115"]
[EventDate "2015.07.25"]

1. d4 Nf6 2. Nf3 b5 3. Bg5 Ne4 4. Bf4 Bb7 5. e3 a6 6. Bd3 e6 7. O-O c5 8. c3
Qb6 9. Nbd2 Nf6 10. a4 c4 11. Bc2 Be7 12. axb5 axb5 13. Rxa8 Bxa8 14. Qa1 Bxf3
15. Nxf3 O-O 16. Qa2 Nh5 17. Bxb8 Rxb8 18. Ne5 Nf6 19. Ra1 d6 20. Nf3 g6 21.
Qa7 Qb7 22. e4 Nd7 23. h3 Kg7 24. Kf1 Bd8 25. Ke2 Bb6 26. Qa3 Bc7 27. Qb4 Nf6
28. Nd2 Ng8 29. b3 d5 30. bxc4 bxc4 31. Qxb7 Rxb7 32. Rb1 Rxb1 33. Nxb1 Bd6 34.
Nd2 f5 35. exf5 exf5 36. Nf1 Kf7 37. g3 Nf6 38. Ne3 Ke6 39. f4 Bc7 40. Bb1 Ba5
41. Nd1 Ne8 42. Kf3 Nf6 43. Ke2 Ne8 44. Kd2 Nd6 45. Ke1 h6 46. h4 Bd8 47. Kd2
g5 48. hxg5 hxg5 49. Ne3 gxf4 50. gxf4 Bh4 51. Ng2 Be7 52. Ne3 Bf8 53. Ke2 Be7
54. Kd2 Bd8 55. Bc2 Ba5 56. Bb1 Nb5 57. Bxf5+ Kf6 58. Nxd5+ 1/2-1/2

[Event "6. OPEN International Ch of Vojvodina 20"]
[Site "Novi Sad"]
[Date "2015.07.26"]
[Round "4.39"]
[White "Stikovic, Dobrica"]
[Black "Hajder, Nedeljko"]
[Result "1-0"]
[WhiteElo "2194"]
[BlackElo "2033"]
[PlyCount "105"]
[EventDate "2015.07.25"]

1. c4 c5 2. Nc3 Nc6 3. Nf3 Nf6 4. g3 g6 5. Bg2 Bg7 6. O-O O-O 7. d4 cxd4 8.
Nxd4 Nxd4 9. Qxd4 d6 10. Qd3 a6 11. Rd1 Qc7 12. Bg5 Be6 13. Nd5 Bxd5 14. cxd5
Rfe8 15. Bh3 Qb6 16. Rd2 Rad8 17. Rc1 h6 18. Be3 Qa5 19. Qb3 b5 20. Rdc2 Rb8
21. Bd2 b4 22. Bg2 Qb5 23. e4 a5 24. Bf1 Qd7 25. Rc7 Qg4 26. f3 Qh5 27. Kg2 g5
28. h3 Nh7 29. Bd3 f6 30. Be3 Qf7 31. Ba7 Ra8 32. Bb5 Red8 33. Bd7 Nf8 34. Bf5
Kh8 35. Rb7 Nh7 36. Rcc7 Bf8 37. Qa4 h5 38. Qxa5 Qe8 39. Qb5 Qxb5 40. Rxb5 Kg7
41. Rxb4 Re8 42. Rbb7 g4 43. hxg4 hxg4 44. f4 Kg8 45. Bxg4 f5 46. Bxf5 Nf6 47.
g4 Red8 48. g5 Nh5 49. Kf3 Ng7 50. Bg4 Ne8 51. Be6+ Kg7 52. Rc2 Kg6 53. Kg4 1-0

[Event "6. OPEN International Ch of Vojvodina 20"]
[Site "Novi Sad"]
[Date "2015.07.26"]
[Round "4.40"]
[White "Dostan, Janos"]
[Black "Grguric, Dragan"]
[Result "1-0"]
[WhiteElo "2190"]
[BlackElo "1992"]
[PlyCount "51"]
[EventDate "2015.07.25"]

1. e4 c5 2. Nf3 e6 3. c4 Nc6 4. Be2 Nf6 5. Nc3 Be7 6. O-O O-O 7. d4 cxd4 8.
Nxd4 a6 9. Be3 d5 10. exd5 exd5 11. Nxd5 Nxd5 12. cxd5 Qxd5 13. Bf3 Qd7 14.
Nxc6 bxc6 15. Qxd7 Bxd7 16. Rfd1 Rad8 17. Bb6 Be6 18. Bxd8 Bxd8 19. Bxc6 Bf6
20. Bd7 Bc4 21. Rac1 Bxa2 22. Rc8 Bb3 23. Ra1 Bd5 24. Rxa6 Rxc8 25. Bxc8 Bxb2
26. Rd6 1-0